00477nam a22001457a 450000500170000001000140001703500130003103700130004408200150005724500500007226000420012227001000016430000260026465000410029020100804120615.0 aENG-98125 aEN-81658 bDBAD/PUB a346.540682 aThe limited liability partnership act, 2008 / aDelhibUniversal Law Publishingc2009 aC-FF-1A, Dilkhush Industrial Estate,(Opp. Hans Cinema, Azadpur) G.T. Karnal RoadbDelhie110033 avi, 159p.c24cm (pbk) aLimited liability partnershipzIndia